60 упражнений Валентина Дикуля + Методы активизации внутренних резервов человека = ваше 100% здоровье (Запись № 1138990)

Подробности
000 -МАРКЕР
контрольное поле 02918nam0a2200397 4500
001 - ИДЕНТИФИКАТОР ЗАПИСИ
контрольное поле RU\NLR\bibl\1395147
005 - ИДЕНТИФИКАТОР ВЕРСИИ
контрольное поле 20260405183535.0
010 ## - МЕЖДУНАРОДНЫЙ СТАНДАРТНЫЙ НОМЕР КНИГИ (ISBN)
Номер (ISBN) 978-5-17-059320-0
Тираж 10000
021 ## - НОМЕР ГОСУДАРСТВЕННОЙ РЕГИСТРАЦИИ
Код страны Российская Федерация
Номер 2009-42050
Номер Листа государственной регистраци 2555
035 ## - ДРУГИЕ СИСТЕМНЫЕ НОМЕРА
Идентификатор записи (nilc)IZD\AST\2007\874734
035 ## - ДРУГИЕ СИСТЕМНЫЕ НОМЕРА
Идентификатор записи (NLR Aleph) 001387174
100 ## - ДАННЫЕ ОБЩЕЙ ОБРАБОТКИ
Данные общей обработки 20090508d2009 |||y0rusy50 ca
101 0# - ЯЗЫК РЕСУРСА
Язык текста, звукозаписи и т.д. русский
102 ## - СТРАНА ПУБЛИКАЦИИ ИЛИ ПРОИЗВОДСТВА
Страна публикации Российская Федерация
105 ## - ПОЛЕ КОДИРОВАННЫХ ДАННЫХ: ТЕКСТОВЫЕ МАТЕРИАЛЫ, МОНОГРАФИЧЕСКИЕ
Кодированные данные о монографическом текстовом документе a |||||||||
200 1# - ЗАГЛАВИЕ И СВЕДЕНИЯ ОБ ОТВЕТСТВЕННОСТИ
Основное заглавие 60 упражнений Валентина Дикуля + Методы активизации внутренних резервов человека = ваше 100% здоровье
Первые сведения об ответственности Иван Кузнецов
210 ## - ПУБЛИКАЦИЯ, РАСПРОСТРАНЕНИЕ И ДР.
Место издания, распространения и т.д. Москва
Имя издателя, распространителя и т. д. АСТ
Дата издания, распространения и т.д. 2009
215 ## - ФИЗИЧЕСКАЯ ХАРАКТЕРИСТИКА
Специфическое обозначение материала и объем 154 с.
Другие сведения о физической характеристике ил.
Размеры 20
225 1# - СЕРИЯ
Основное заглавие серии Здоровье - это счастье!
330 ## - РЕЗЮМЕ ИЛИ РЕФЕРАТ
Текст примечания Многие знают историю чудесного выздоровления Валентина Дикуля. Вопреки мнениям авторитетных врачей он смог не только выздороветь после тяжелейшей травмы, но и стать знаменитым силовым жонглером. Успех Дикуля - это уникальный комплекс физических упражнений и безграничная вера в победу. Эта книга поможет вам пройти путем Дикуля. Вы найдете здесь не только описание упражнений, четкую методику тренировок, но и специальные упражнения, активизирующие внутренние, ментальные резервы здоровья, развивающие волю, создающие нужный настрой, который помогает организму заниматься и получать результаты.
532 11 - РАСШИРЕННОЕ ЗАГЛАВИЕ
Заглавие Шестьдесят упражнений Валентина Дикуля + Методы активизации внутренних резервов человека = ваше 100% здоровье
606 1# - НАИМЕНОВАНИЕ ТЕМЫ КАК ПРЕДМЕТ
Наименование темы Терапия нетрадиционная
Формальный подзаголовок Популярные издания
Системный номер авторитетной/нормативной записи 2050901
Идентификатор авторитетной/нормативной записи RU\NLR\auth\66946143
686 ## - ИНДЕКСЫ ДРУГИХ КЛАССИФИКАЦИЙ
Индекс 0359
-- Заболевания опорно-двигательного аппарата
Код системы
686 ## - ИНДЕКСЫ ДРУГИХ КЛАССИФИКАЦИЙ
Индекс 0342
-- Спортивно-оздоровительные системы
Код системы
686 ## - ИНДЕКСЫ ДРУГИХ КЛАССИФИКАЦИЙ
Индекс 54.18
Издание LBC/PL
Код системы
686 ## - ИНДЕКСЫ ДРУГИХ КЛАССИФИКАЦИЙ
Индекс Р358.9я9
700 #1 - ИМЯ ЛИЦА - ПЕРВИЧНАЯ ОТВЕТСТВЕННОСТЬ
Код отношения Автор
Материалы, к которым относится поле rus
Графика поля Кириллица
Начальный элемент ввода Кузнецов
Часть имени, кроме начального элемента ввода И.
Дополнения к именам, кроме дат популяризатор
Расширение инициалов личного имени Иван
Идентификатор авторитетной/нормативной записи RU\NLR\auth\7780127
Системный номер авторитетной/нормативной записи 63055
702 #1 - ИМЯ ЛИЦА - ВТОРИЧНАЯ ОТВЕТСТВЕННОСТЬ
Начальный элемент ввода Дикуль
Часть имени, кроме начального элемента ввода В.
Расширение инициалов личного имени Валентин
Код отношения Прочие
801 #0 - ИСТОЧНИК ЗАПИСИ
Страна Российская Федерация
Организация ЛИБНЕТ
Дата составления 20090508
801 #1 - ИСТОЧНИК ЗАПИСИ
Страна Российская Федерация
Организация ЦУНБ Москва
Дата составления 20090528
Источник данных rusmarc
801 #2 - ИСТОЧНИК ЗАПИСИ
Страна Российская Федерация
Организация NLR
Дата составления 20090723
Правила каталогизации rcr
830 ## - ОБЩЕЕ ПРИМЕЧАНИЕ, СОСТАВЛЕННОЕ КАТАЛОГИЗАТОРОМ
Текст примечания CODE_OF_LIBNET\000027445
942 ## - ДОПОЛНИТЕЛЬНЫЕ ЭЛЕМЕНТЫ ЗАПИСИ (АБИС)
Тип экземпляра АБИС Книга
980 ## - КОЛЛЕКЦИЯ
Название коллекции Национальная библиография
Экземпляры
Тип экземпляра Дата поступления Источник поступления Библиотека постоянного хранения Библиотека текущего хранения Место хранения Шифр хранения Штрих-код Статус экземпляра
Книга 23.07.2009 Обязательный экземпляр РНБ (Московский) РНБ (Московский) Русский книжный фонд: издания с 1957 года 2009-3/23515 1-2352066  
Книга 23.07.2009 Обязательный экземпляр РНБ (Московский) РНБ (Московский) Русский книжный фонд: издания с 1957 года 2009-3/23515 2964327